| 000 | 00730nam a22002537a 4500 | ||
|---|---|---|---|
| 005 | 20210419070721.0 | ||
| 008 | 201120s2019 ||||| |||| 00| 0 eng d | ||
| 020 | _a9781260143676 | ||
| 040 |
_aeng _cDLC |
||
| 041 | _aeng | ||
| 080 |
_a61 _bF-56 |
||
| 100 |
_9149 _aLe, Tao _eEditor |
||
| 245 |
_aFirst Aid for the USMLE Step 1 2019 _b: A Student to Student Guide _c/ by: Mc Graw Hill Education |
||
| 260 |
_aNew York _bMc Graw Hill Education _c2019 |
||
| 300 |
_a792 p. _bill |
||
| 365 | _b43.49 usd | ||
| 650 | 0 |
_969 _aMedicine |
|
| 650 | 0 |
_972 _aUSMLE STEP 1 |
|
| 653 | _aმედიცინა | ||
| 700 |
_9146 _aSochat, Matthew |
||
| 700 |
_9147 _aChavda, Yash |
||
| 700 |
_9148 _aKallianos, Kimberly |
||
| 942 |
_2udc _cBK |
||
| 999 |
_c280 _d280 |
||